Río abajo (Registro nro. 164064)

Detalles MARC
000 -LEADER
campo de control de longitud fija 00639nam a22001695i 4500
001 - NÚMERO DE CONTROL
campo de control 164064
003 - IDENTIFICADOR DE NÚMERO DE CONTROL
campo de control ES-MaACL
005 - FECHA Y HORA DE LA ÚLTIMA TRANSACCIÓN
campo de control 20230906212850.0
008 - DATOS DE LONGITUD FIJA--INFORMACIÓN GENERAL
campo de control de longitud fija 020606s1909 sp |||| | spa d
040 ## - FUENTE DE CATALOGACIÓN
Centro catalogador/agencia de origen CAM
Lengua de catalogación spa
Centro/agencia transcriptor CAM
100 1# - ENTRADA PRINCIPAL--NOMBRE DE PERSONA
Nombre de persona Rovita y Serra, Manuel.
9 (RLIN) 132130
245 10 - MENCIÓN DEL TÍTULO
Título Río abajo
Resto del título : drama en tres actos /
Mención de responsabilidad, etc. original de Manuel Rovira y Serra.
260 ## - PUBLICACIÓN, DISTRIBUCIÓN, ETC.
Lugar de publicación, distribución, etc. Madrid :
Nombre del editor, distribuidor, etc. [s.n.],
Fecha de publicación, distribución, etc. 1909 (
Fabricante R. Velasco imp.)
300 ## - DESCRIPCIÓN FÍSICA
Extensión 81 p. ;
Dimensiones 20 cm.
596 #1 - NOTA AL PIE DE IMPRENTA
NOTA AL PIE DE IMPRENTA En verso de la antep. consta: "... Sociedad de Autores Españoles ..."
852 ## - LOCALIZACIÓN
Ubicación ES-MaACL
Número de control de estantería G-3519(8)
Nota libre -- Enc. tela, falto de la cub. original
-- -- Enc. en un vol. facticio
Existencias
Estatus retirado Estado de pérdida Estado de daño No para préstamo Biblioteca de origen Biblioteca actual Ubicación en estantería Fecha de adquisición Fuente de adquisición Total de préstamos Signatura topográfica completa Código de barras Visto por última vez Precio de reemplazo Tipo de ítem Koha
        Biblioteca del Ateneo de Madrid Biblioteca del Ateneo de Madrid Depósito 2 17/01/2008     G-3519(8) 1171947 23/02/2023 23/02/2023 Libro impreso